Lei das sociedades por ações (Record no. 63366)

MARC details
000 -LEADER
campo de control de longitud fija 00961cam a2200289Ma 4500
001 - NÚMERO DE CONTROL
campo de control 91796
005 - FECHA Y HORA DE LA ÚLTIMA TRANSACCIÓN
campo de control 20230410123531.0
008 - DATOS DE LONGITUD FIJA--INFORMACIÓN GENERAL
campo de control de longitud fija 070730s2008 bl 000 0 por d
035 ## - NÚMERO DE CONTROL DEL SISTEMA
Número de control de sistema (OCoLC)ocn163120560
040 ## - FUENTE DE CATALOGACIÓN
Centro catalogador/agencia de origen UBA
Centro/agencia transcriptor UBA
020 ## - NÚMERO INTERNACIONAL ESTÁNDAR DEL LIBRO
Número Internacional Estándar del Libro 9788522444854
020 ## - NÚMERO INTERNACIONAL ESTÁNDAR DEL LIBRO
Número Internacional Estándar del Libro 8522444854
035 ## - NÚMERO DE CONTROL DEL SISTEMA
Número de control de sistema (OCoLC)163120560
050 14 - SIGNATURA TOPOGRÁFICA DE LA BIBLIOTECA DEL CONGRESO
Número de clasificación KHD 1314
Número de ítem B823l 2008
110 2# - ENTRADA PRINCIPAL--NOMBRE DE ENTIDAD CORPORATIVA
Nombre de entidad corporativa o nombre de jurisdicción como elemento de entrada Brasil.
245 10 - MENCIÓN DEL TÍTULO
Título Lei das sociedades por ações
Resto del título lei nº 6.404, de 15-12-1976, com alterações da lei nº 11.638, de 28-12-2007.
250 ## - MENCION DE EDICION
Mención de edición 32a. ed.
260 ## - PUBLICACIÓN, DISTRIBUCIÓN, ETC.
Lugar de publicación, distribución, etc. Sao Paulo :
Nombre del editor, distribuidor, etc. Editora Atlas,
Fecha de publicación, distribución, etc. 2008.
300 ## - DESCRIPCIÓN FÍSICA
Extensión 812 p.
500 ## - NOTA GENERAL
Nota general Legislação complementar - Regimento Interno da CVM - Pareceres, instruções e deliberações da CVM - índices remissivos.
504 ## - NOTA DE BIBLIOGRAFÍA, ETC.
Nota de bibliografía, etc. Notas bibliográficas de rodapé.
650 #0 - PUNTO DE ACCESO ADICIONAL DE MATERIA--TÉRMINO DE MATERIA
Término de materia o nombre geográfico como elemento de entrada Corporation law
Subdivisión geográfica Brazil.
650 #7 - PUNTO DE ACCESO ADICIONAL DE MATERIA--TÉRMINO DE MATERIA
Término de materia o nombre geográfico como elemento de entrada Sociedade anónima (legislação)
Subdivisión geográfica Brasil.
942 ## - ELEMENTOS DE ENTRADA SECUNDARIOS (KOHA)
Fuente del sistema de clasificación o colocación Clasificación de Library of Congress
Tipo de ítem Koha
946 ## - PROCESAMIENTO DE INFORMACIÓN LOCAL (OCLC)
a mfcruz
994 ## -
-- C0
-- DRFGD
Holdings
Estatus retirado Estado de pérdida Fuente del sistema de clasificación o colocación Estado de daño No para préstamo Colección Biblioteca de origen Biblioteca actual Ubicación en estantería Fecha de adquisición Serial enumeration / chronology Signatura topográfica completa Código de barras Visto por última vez Copia número Tipo de ítem Koha
    Clasificación de Library of Congress     Ciencias Sociales Biblioteca Juan Bosch Biblioteca Juan Bosch Ciencias Sociales (3er. Piso) 10/04/2023 1 KHD 1314 B823l 2008 00000079032 24/10/2018 1